| 000 | 00000nas 2200000za 4500 |
| 001 | 9.845628 |
| 003 | CaOODSP |
| 005 | 20240314152356 |
| 007 | cr ||||||||||| |
| 008 | 171017c2015201uonc x m o f0###a0fre|d |
| 040 | |aCaOODSP|bfre |
| 043 | |an-cn--- |
| 086 | 1 |aM113-1F-PDF |
| 130 | 0 |aSérie « Guides d'orientation fédéraux sur la catographie des plaines inondables ». |
| 245 | 10|aSérie « Guides d'orientation fédéraux sur la catographie des plaines inondables » |h[ressource électronique]. |
| 260 | |a[Ottawa] : |bRessources naturelles Canada : |bSécurité publique Canada |
| 310 | |aIrrégulier |
| 500 | |aPubli. aussi en anglais sous le titre : Federal floodplain mapping guidelines series. |
| 580 | |aSuivi de : Série « Guides d'orientation fédéraux sur la catographie des zones inondables ». |
| 588 | |aDescription d'après : Produit d'information général 115f (2017). |
| 692 | 07|2gccst|aInondation |
| 692 | 07|2gccst|aPlanification |
| 692 | 07|2gccst|aDonnées géographiques |
| 710 | 1 |aCanada. |bRessources naturelles Canada. |
| 710 | 1 |aCanada. |bSécurité publique Canada. |
| 775 | 08|tFederal floodplain mapping guidelines series |w(CaOODSP)9.845599 |
| 785 | 00|tSérie « Guides d’orientation fédéraux sur la cartographie des zones inondables ».|w(CaOODSP)9.871559 |